| 000 | 01217nam a2200313 i 4500 | ||
|---|---|---|---|
| 001 | bg | ||
| 100 | 1 | _aCUMMINS, Julian | |
| 245 | 1 | 0 |
_aPromocja sprzedaży : _bpoznaj techniki promocji sprzedaży, dowiedz się, jak wdrażać strategie rynkowe, wykorzystaj i podtrzymaj przewagę rynkową / _cJulian Cummins & Roddy Mullin ; [tł. Anna Kanclerz, Magdalena Strzelecka]. |
| 246 |
_iTyt. oryg.: _aSales promotion |
||
| 260 |
_aGliwice : _b"Helion", _ccop. 2005. |
||
| 300 |
_a271 s. : _bwykr. ; _c24 cm. |
||
| 490 | 1 | _aOnepress Exclusive | |
| 500 | _aTyt. oryg.: "Sales promotion" 2002. U góry s. tyt. i okł.: Naucz się przygotowywać i wdrażać kampanie, które naprawdę działają. | ||
| 504 | _aBibliogr. s. 263-265. Indeks. | ||
| 650 | 9 | _aPromocja handlowa | |
| 655 | _aPodręczniki | ||
| 700 | 1 | _aMULLIN, Roddy | |
| 700 | 1 |
_aKANCLERZ, Anna. _eTł. |
|
| 700 | 1 |
_aSTRZELECKA, Magdalena. _eTł. |
|
| 830 | _aOnepress Exclusive | ||
| 020 | _a8373616527 | ||
| 040 | _cBPK | ||
| 041 | 1 |
_apol _heng |
|
| 080 | _a659:339.138](07) | ||
| 920 | _a83-7361-652-7 | ||
| 942 | _cKS | ||
| 008 | s pl f |000 0 pol | ||
| 999 |
_c45722 _d45722 |
||
| 856 |
_uhttp://koha.tu.koszalin.pl/cgi-bin/koha/opac-detail.pl?biblionumber=45722 _yKatalog online BPK |
||